Countries with the Highest Percentage of National Park - Statistics

General Stats
  • This quiz has been taken 38 times
  • The average score is 9 of 15
Answer Stats
% Continent Country % Correct
19.3% South America Chile
79%
12.2% South America Ecuador
79%
12.5% South America Colombia
75%
21.8% South America Venezuela
75%
25.1% North America Costa Rica
71%
10.8% Oceania New Zealand
71%
14.9% South America Paraguay
71%
13.2% Africa Namibia
67%
20.8% Asia Bhutan
54%
23.4% Asia Nepal
50%
32% Africa Zambia
50%
12.1% Europe Iceland
46%
12% Asia Thailand
38%
10% Africa Gabon
21%
30% Asia Israel
21%
No matching quizzes found
Score Distribution
Percent of People with Each Score
Percentile by Number Answered
Your Score History
You have not taken this quiz